MARC

LEADER 00000nam0a2200000 4500
001 153746
005 20231101221719.0
010 |a 5747900552 
020 |a RU  |b 88-34525 
035 |a (RuTPU)RU\TPU\book\166787 
090 |a 153746 
100 |a 20090216d1988 e y0rusy5003 ca 
101 1 |a rus  |c fre 
102 |a RU 
105 |a a z 000ay 
200 1 |a Две Дианы  |e роман  |f А. Дюма (Дюма-отец)  |g сокращ. пер. с фр.А. Арго ; авт. послесл. А. Завадье ; худож. А. Л. Абрамов 
210 |a Красноярск  |c Красноярское книжное издательство  |d 1988 
215 |a 615 с.  |c ил.  |d 22 см 
610 1 |a Религиозные войны во Франции, 16 в. 
610 1 |a Франция, 16 в. 
610 1 |a приключения 
610 1 |a приключенческие романы 
610 1 |a французская литература 
675 |a 84  |z rus 
700 1 |a Дюма (Дюма-отец)  |b А.  |c французский писатель  |f 1802-1870  |g Александр  |2 stltpush  |3 (RuTPU)RU\TPU\pers\10154  |9 2200 
702 1 |a Арго  |b А.  |4 730 
702 1 |a Завадье  |b А.  |4 075 
702 1 |a Абрамов  |b А. Л.  |4 440 
801 0 |a RU  |b RuMRKP  |c 19950417  |g psbo 
801 1 |a RU  |b 63413507  |c 20090216  |g PSBO 
801 2 |a RU  |b 63413507  |c 20090216  |g PSBO 
942 |c BK